Logo BPK

Biblioteka

Politechniki Koszalińskiej

Synteza mikroprocesorowego systemu pomiarowego wielkości elektrycznych o analogowych przetwornikach wejściowych / (Rekord nr 23937)

Szczegóły MARC
000 -ETYKIETA REKORDU
podpole kontrolne o stałej długości 00641nam a2200169 i 4500
001 - NUMER KONTROLNY REKORDU
pole kontrolne bg
040 ## - ŹRÓDŁO KATALOGOWANIA
Instytucja, która utworzyła rekord BPK
041 ## - KOD JĘZYKA
Kod języka tekstu pol
080 ## - UNIWERSALNA KLASYFIKACJA DZIESIĘTNA - UKD
UKD 621.317:681.322.06
008 - POLE O STAŁEJ DŁUGOŚCI - DANE KONTROLNE
podpole kontrolne o stałej długości s pl f |000 0 pol
100 1# - NAZWA OSOBOWA
Nazwa osobowa BOLIKOWSKI, Jerzy
245 #0 - TYTUŁ/ODPOWIEDZIALNOŚĆ
Tytuł Synteza mikroprocesorowego systemu pomiarowego wielkości elektrycznych o analogowych przetwornikach wejściowych /
Pozostałe elementy strefy tytułu i oznaczenia odpowiedzialności J. Bolikowski.
260 ## - STREFA ADRESU WYDAWNICZEGO
Miejsce wydania Zielona Góra,
Data publikacji, dystrybucji/powstania dokumentu 1987.
490 1# - STREFA SERII I DOKUMENTU WIELOCZĘŚCIOWEGO - FORMA NIE DO WYSZUKIWANIA
Tytuł i oznaczenie odpowiedzialności serii Monografia / Wyższa Szkoła Inżynierska im. Jurija Gagarina w Zielonej Górze ;
Numeracja w obrębie serii 39
830 #0 - HASŁO DODATKOWE SERII LUB DOKUMENTU WIELOCZĘŚCIOWEGO - TYTUŁ UJEDNOLICONY
Tytuł ujednolicony Monografia (Wyższa Szkoła Inżynierska im. Jurija Gagarina w Zielonej Górze) ;
Oznaczenie tomu 39
856 ## - LOKALIZACJA I DOSTĘP DO ELEKTRONICZNYCH DOKUMENTÓW ZDALNYCH
Link (URL) http://koha.tu.koszalin.pl/cgi-bin/koha/opac-detail.pl?biblionumber=23937
Tekst linku Katalog online BPK
942 ## - DODATKOWE ELEMENTY (KOHA)
Typ dokumentu Książka
Egzemplarze
Wycofany Status egzemplarza Uszkodzony Dostępność Lokalizacja stała Lokalizacja bieżąca Miejsce przechowywania Sygnatura Kod kreskowy Typ dokumentu
      Dostępny Biblioteka Politechniki Koszalińskiej Biblioteka Politechniki Koszalińskiej Wypożyczalnia BG 34190 00145572 Książka
© 2023 Biblioteka Politechniki Koszalińskiej :: KOHA